Historia de los mozárabes de España / (Record no. 144070)

MARC details
000 -LEADER
campo de control de longitud fija 01050nam a2200217 i 4500
001 - NÚMERO DE CONTROL
campo de control 144070
003 - IDENTIFICADOR DE NÚMERO DE CONTROL
campo de control ES-MaACL
005 - FECHA Y HORA DE LA ÚLTIMA TRANSACCIÓN
campo de control 20251014063212.0
007 - CAMPO FIJO DE DESCRIPCIÓN FÍSICA--INFORMACIÓN GENERAL
campo de control de longitud fija t|
008 - DATOS DE LONGITUD FIJA--INFORMACIÓN GENERAL
campo de control de longitud fija 070214s1983 sp r ||||1| spa d
100 1# - ENTRADA PRINCIPAL--NOMBRE DE PERSONA
Nombre de persona Simonet, Francisco Javier,
Fechas asociadas al nombre 1829-1897
9 (RLIN) 106570
245 10 - MENCIÓN DEL TÍTULO
Título Historia de los mozárabes de España /
Mención de responsabilidad, etc. Francisco Javier Simonet.
260 ## - PUBLICACIÓN, DISTRIBUCIÓN, ETC.
Lugar de publicación, distribución, etc. Madrid :
Nombre del editor, distribuidor, etc. Turner,
Fecha de publicación, distribución, etc. 1983.
300 ## - DESCRIPCIÓN FÍSICA
Extensión 4 v. ;
Dimensiones 20 cm.
490 1# - MENCIÓN DE SERIE
Mención de serie Colección Turner ;
Designación de volumen o secuencia 76-79
505 8# - NOTA DE CONTENIDO CON FORMATO
Nota de contenido con formato Contiene: t. 1. Bajo el gobierno de los Virreyes, 711 a 756. - t. 2. Desde el advenimiento de Abderramán I hasta la mitad del reinado de Mohamed I, 756 a 870. - t. 3. Desde las guerras civiles que empezaron bajo Mohamed I, hasta la conquista de Toledo por Alfonso VI, 870 a 1085. - t. 4. Desde la invasión de los almorávides hasta los últimos tiempos de la dominación Sarracena, 1085 a 1492
650 #4 - PUNTO DE ACCESO ADICIONAL DE MATERIA--TÉRMINO DE MATERIA
Término de materia o nombre geográfico como elemento de entrada Mozárabes-
Subdivisión general Historia.
9 (RLIN) 136553
830 0# - PUNTO DE ACCESO ADICIONAL DE SERIE-TÍTULO UNIFORME
Título uniforme Colección Turner ;
Designación de volumen o secuencia 76-79
9 (RLIN) 220628
852 ## - LOCALIZACIÓN
Ubicación ES-MaACL
Número de control de estantería L-9145-48
Holdings
Estatus retirado Estado de pérdida Estado de daño No para préstamo Biblioteca de origen Biblioteca actual Ubicación en estantería Fecha de adquisición Fuente de adquisición Total de préstamos Signatura topográfica completa Código de barras Visto por última vez Precio de reemplazo Tipo de ítem Koha
        Biblioteca del Ateneo de Madrid Biblioteca del Ateneo de Madrid Depósito 2 17/01/2008     L-9145-48 1149894 23/02/2023 23/02/2023 Libro impreso